Qualität - ein betriebswirtschaflicher Faktor?

Rastúci význam faktora kvality pre teóriu ekonomiky podniku. Pojem kvality. Cesta japonských výrobcov ku kvalite. Tradičná politika kvality a historický vývoj jej zabezpečovania. Prechod od kontroly kvality k celkovému konceptu kvality. Zvyšovania kvality u firmy Philips. Moderná organizácia kvality...

Descripción completa

Guardado en:
Detalles Bibliográficos
Autor principal: Scharrer, E.
Formato: Capítulo de libro
Lenguaje:alemán
Materias:
Etiquetas: Agregar Etiqueta
Sin Etiquetas, Sea el primero en etiquetar este registro!

MARC

LEADER 00000naa a2200000 4500
001 r005481
005 20221130104020.5
041 0 |a ger 
044 |a DE 
245 1 0 |a Qualität - ein betriebswirtschaflicher Faktor?  |c E. Scharrer 
520 |a Rastúci význam faktora kvality pre teóriu ekonomiky podniku. Pojem kvality. Cesta japonských výrobcov ku kvalite. Tradičná politika kvality a historický vývoj jej zabezpečovania. Prechod od kontroly kvality k celkovému konceptu kvality. Zvyšovania kvality u firmy Philips. Moderná organizácia kvality (informácia, normy, metódy). 
610 2 0 |a kvalita výrobkov 
610 2 0 |a Japonsko 
610 2 0 |a kontrola kvality 
610 2 0 |a Philips 
610 2 0 |a hospodárstvo podnikové 
100 1 |a Scharrer, E.